Catálogo
Digital

Catálogo
Digital

Ecuador Debate N° 14. Riego en los Andes ecuatorianos. (Record no. 13484)

MARC details
000 -CABECERA
campo de control de longitud fija 01821nam a2200397 4500
003 - IDENTIFICADOR DEL NÚMERO DE CONTROL
campo de control EC-UNACH
005 - FECHA Y HORA DE LA ÚLTIMA TRANSACCIÓN
campo de control 20250516163314.0
006 - CÓDIGOS DE INFORMACIÓN DE LONGITUD FIJA--CARACTERÍSTICAS DEL MATERIAL ADICIONAL
campo de control de longitud fija s||||gr|||| 00| 00
008 - DATOS DE LONGITUD FIJA--INFORMACIÓN GENERAL
campo de control de longitud fija 150116t9999 mx r gr 000 0 spa d
020 ## - NÚMERO INTERNACIONAL ESTÁNDAR DEL LIBRO
Número Internacional Estándar del Libro No se registra en el libro
040 ## - FUENTE DE LA CATALOGACIÓN
Centro catalogador/agencia de origen EC-UNACH
Centro/agencia transcriptor EC-UNACH
041 ## - CÓDIGO DE LENGUA
Código de lengua del texto/banda sonora o título independiente spa
082 04 - NÚMERO DE LA CLASIFICACIÓN DECIMAL DEWEY
Número de edición 23
Número de clasificación 300
Número de documento/Ítem L017710
110 ## - ENTRADA PRINCIPAL--NOMBRE DE ENTIDAD CORPORATIVA
Nombre de entidad corporativa o nombre de jurisdicción como elemento de entrada Centro Andino de Acción Popular (CAAP)
245 ## - MENCIÓN DE TÍTULO
Título Ecuador Debate N° 14. Riego en los Andes ecuatorianos.
250 ## - MENCIÓN DE EDICIÓN
Mención de edición Primera Edición
264 ## - Producción, publicación, distribución, fabricación y copyright
Lugar de producción, publicación, distribución, fabricación Quito, Ecuador.
Nombre del de productor, editor, distribuidor, fabricante CAAP
Fecha de de producción, publicación, distribución, fabricación o copyright 1987
300 ## - DESCRIPCIÓN FÍSICA
Extensión 189 páginas
Otras características físicas Tablas, figuras, mapas.
505 ## - NOTA DE CONTENIDO CON FORMATO
Nota de contenido con formato Editorial. -- Coyuntura. Crisis en la recostrucción. Una crisis de hegemonía. -- Estudios. Riego precolonial en la Sierra Norte. - Riego colonial: de la coca a la caña en el Valle del Chota.- La acequia del pueblo pimampiro. Riego tradicional en el norte del Ecuador. - Políticas de riego en el Ecuador.- Legislación de aguas y campesinado. -- Análisis y Experiencias. Una experiencia en riego. Chingazo - Pungales.- El acceso al riego en Tabacundo.- Riego en Tungurahua.- Un modelo esquemático de capacitación: problemática de riego.- Guanguilqui: el agua para los runas.-- Debate bibliográfico. El banano en el Ecuador.- Los indígenas y el estado en el Ecuador.- Respuesta al señor Castelnuovo.-
650 ## - PUNTO DE ACCESO ADICIONAL DE MATERIA--TÉRMINO DE MATERIA
Término de materia o nombre geográfico como elemento inicial CANALES
650 ## - PUNTO DE ACCESO ADICIONAL DE MATERIA--TÉRMINO DE MATERIA
Término de materia o nombre geográfico como elemento inicial RIEGO
650 ## - PUNTO DE ACCESO ADICIONAL DE MATERIA--TÉRMINO DE MATERIA
Término de materia o nombre geográfico como elemento inicial CONFLICTO
650 ## - PUNTO DE ACCESO ADICIONAL DE MATERIA--TÉRMINO DE MATERIA
Término de materia o nombre geográfico como elemento inicial AGUA
650 ## - PUNTO DE ACCESO ADICIONAL DE MATERIA--TÉRMINO DE MATERIA
Término de materia o nombre geográfico como elemento inicial INDÍGENAS
700 ## - PUNTO DE ACCESO ADICIONAL--NOMBRE DE PERSONA
Nombre de persona Knapp, Gregory
Títulos y otros términos asociados al nombre Autor
700 ## - PUNTO DE ACCESO ADICIONAL--NOMBRE DE PERSONA
Nombre de persona Coronel Feijóo, Rosario
Títulos y otros términos asociados al nombre Autor
700 ## - PUNTO DE ACCESO ADICIONAL--NOMBRE DE PERSONA
Nombre de persona Mothes, Patricia
Títulos y otros términos asociados al nombre Autor
700 ## - PUNTO DE ACCESO ADICIONAL--NOMBRE DE PERSONA
Nombre de persona Otros autores
942 ## - ELEMENTOS DE PUNTO DE ACCESO ADICIONAL (KOHA)
Fuente del sistema de clasificación o colocación Clasificación Decimal Dewey
Tipo de ítem Koha Libros
999 ## - NÚMEROS DE CONTROL DE SISTEMA (KOHA)
Koha biblionumber 13484
Holdings
Estado de pérdida Fuente del sistema de clasificación o colocación Estado dañado No para préstamo Localización permanente Ubicación/localización actual Ubicación en estantería Fecha de adquisición Fuente de adquisición Número de inventario Total de préstamos Signatura topográfica completa Código de barras Fecha visto por última vez Precio válido a partir de Tipo de ítem Koha Centro de costos
  Clasificación Decimal Dewey     Biblioteca Campus Norte Biblioteca Campus Norte Ingeniería Ambiental 07/04/2025 Donación CAAP 39686943   300 CEN L017710 L017710 07/04/2025 07/04/2025 Libros  

Powered by Koha